000 00614nam a2200241 a 4500
001 nice12345678
003 IN_TiNIC
005 20260116011819.0
008 050524s1964 hyda grp 000 0 urd
020 _a
_c5
082 0 0 _a297.1
_bQAD
100 _aQadiri, S Muinuddin
245 _aUloom-E-Imrani Ki Qurani Bunyaden.
260 _aHyderabad
_bNational Fine Printing Press
_c1964
300 _a119p.
500 _aincludes index and biblioraphy
505 2 _aVarious Documents
650 _aSociology-Islamic
700 1 _aQadiri, S Muinuddin
902 _bSRS
942 _cBK
999 _c4153
_d4153